[Event "EU-Cup 20th"]
[Site "Izmir"]
[Date "2004.10.09"]
[Round "7.4"]
[White "Bologan, Viktor"]
[Black "Macieja, Bartlomiej"]
[Result "1/2-1/2"]
[WhiteElo "2669"]
[BlackElo "2613"]
[Annotator "Gershon,A"]
[PlyCount "57"]
[EventDate "2004.10.03"]
[EventType "team-swiss"]
[EventRounds "7"]
[EventCountry "TUR"]
[SourceTitle "CBM 104"]
[Source "ChessBase"]
[SourceDate "2005.01.27"]
[SourceVersion "1"]
[SourceVersionDate "2005.01.27"]
[SourceQuality "1"]
[WhiteTeam "Sarajevo Bosna"]
[BlackTeam "Warsaw Polonia"]
[WhiteTeamCountry "BIH"]
[BlackTeamCountry "POL"]

1. d4 Nf6 2. c4 e6 3. Nf3 b6 4. g3 Ba6 5. b3 Bb4+ 6. Bd2 Be7 7. Bg2 c6 8. Bc3
d5 9. Ne5 Nfd7 10. Nxd7 Nxd7 11. Nd2 O-O 12. O-O Nf6 13. e4 b5 14. exd5 exd5 (
14... cxd5 15. Re1 (15. c5 $5 b4 16. Bxb4 Bxf1 17. Qxf1 {An I like white's
pawn mass on the Q side}) 15... bxc4 16. bxc4 Bxc4 17. Nxc4 Qc8 18. Qa4 Rb8 19.
Qxa7 Qxc4 20. Rec1 Bb4 21. Bf1 Qxc3 22. Rxc3 Bxc3 23. Rc1 Ra8 24. Qc7 Bxd4 25.
Rc2 Ne4 26. Kg2 Nxf2 27. Rxf2 Bxf2 28. Kxf2 Rxa2+ $11 {1/2-1/2 Ibraev,
N-Pedersen,N/Bled 2002/EXT 2003 (38)}) 15. Re1 dxc4 (15... Rb8 16. c5 Bc8 17.
Nf3 Ne4 18. Ne5 Nxc3 19. Qd3 Qc7 20. Qxc3 Re8 $11 {1/2-1/2 Kramnik,V-Leko,P/
Dortmund GER 2004/CT-1355 (29)}) 16. bxc4 (16. Bxc6 Rc8 17. d5 b4 18. Be5 ({
an attempt to sac an exchange for a pair of connected passers:} 18. Bxf6 Bxf6
19. bxc4 {fails to} Bxa1 20. Qxa1 Rxc6 $19 {[%csl Rd2]}) (18. Rxe7 Qxe7 19.
Bxf6 Qxf6 20. bxc4 Rxc6 21. dxc6 Qxc6 $17 {[%cal Ga6b7]}) 18... Nxd5 19. Bxd5
Qxd5 20. Nxc4 Bxc4 21. bxc4 Qxd1 22. Raxd1 $11) 16... Qc7 17. c5 {Fixing a
weakness for black on the one hand, but also blocking own pawns on the other.}
(17. cxb5 Bxb5 18. Qc2 {[%cal Gc2c6] Is a different approach. What white
probably didn't like here, is that the Black bishop is open an working now.})
17... Rfe8 (17... Rad8 {Black would like to put his R here, but the 'a5-d8' is
problematic.} 18. Qb3 {[%csl Rc7,Rd8][%cal Gb3a3,Gc3a5,Ya5d8]}) 18. Qb3 Bf8 19.
Qa3 Rxe1+ 20. Rxe1 Bc8 21. Ba5 ({I like more:} 21. Qa5 $142 $5 Qb7 (21... Qd7
22. Nf3 $16 {[%csl Rc6][%cal Gf3e5]}) 22. a4 (22. Ne4 {is weaker} Nxe4 ({
of course not:} 22... Nd5 23. Nd6 $1 Bxd6 24. Re8+ $1 Bf8 25. Rxf8+ Kxf8 26.
Qd8#) 23. Bxe4 {[%cal Ga2a4]} Rb8 24. a4 b4 25. Rb1 b3 $132) 22... a6 23. Ne4
Nxe4 (23... Nd5 24. Nd6 $18) 24. Bxe4 Rb8 25. Bd2 $14 {[%cal Gd2f4] and black
is still given under an unpleasant pressure.}) 21... Qb7 22. Bd8 (22. Ne4 Nxe4
(22... Nd5 23. Nd6 Bxd6 24. Bxd5 Bf8 $14 (24... cxd5 25. Re8+ Bf8 26. c6 $18))
23. Bxe4 Be6 $14) 22... Nd5 {with a knight on d5 black has nothing to fear
from.} 23. Bxd5 cxd5 24. Qa5 (24. Re8 Qc6) 24... Be6 25. Bc7 Be7 26. Rb1 Bd7
27. Nb3 h6 28. Re1 Bf6 29. a3 {A typical situation where both sides' positions
are equally bad.} 1/2-1/2

[Event "Hastings 0304 79th"]
[Site "Hastings"]
[Date "2004.01.02"]
[Round "6"]
[White "Nielsen, Peter Heine"]
[Black "Gormally, Daniel"]
[Result "1/2-1/2"]
[WhiteElo "2626"]
[BlackElo "2471"]
[Annotator "Gershon,A"]
[PlyCount "65"]
[EventDate "2003.12.28"]
[EventType "tourn"]
[EventRounds "9"]
[EventCountry "ENG"]
[EventCategory "13"]
[SourceTitle "CBM 099"]
[Source "ChessBase"]
[SourceDate "2004.03.30"]
[SourceVersion "1"]
[SourceVersionDate "2004.03.30"]
[SourceQuality "1"]

1. d4 Nf6 2. c4 e6 3. Nf3 b6 4. g3 Ba6 5. Qb3 Nc6 6. Nbd2 Bb4 $6 {An
unambitious move, allowing white to execute his main idea: the d4-d5 advance.}
7. Bg2 ({In the two other games that reached this position, white tried the
immediate:} 7. d5 {after which black failed to equalize} Bxd2+ 8. Bxd2 Ne7 (
8... Na5 9. Qa4 Ne4 10. Bxa5 bxa5 11. dxe6 fxe6 12. Bg2 O-O 13. O-O Rb8 14. Ne5
$16 {1-0 Vaganian,R-Nogueiras,J/Montpellier 1985/Candidates (37)}) 9. Bc3 Nf5
10. Nd2 Nd6 11. f3 O-O 12. e4 exd5 13. cxd5 Bxf1 14. Rxf1 $14 a5 $2 15. e5 a4
16. Qc2 Qe8 $2 (16... Nxd5 $142 17. exd6 (17. Qd3 Nxc3 18. exd6 Re8+ 19. Kf2
Re2+ 20. Kg1 Qg5 21. Ne4 Qh6 22. Nf2 $13) 17... Re8+ 18. Kf2 Ne3 19. Qd3 Nxf1
20. Kxf1 $16) 17. Kf2 Nxd5 18. Qd3 $1 $18 {1-0 Kasparov,G-Speelman,J/La
Valetta 1980/EXT 2000 (37). (36)}) 7... Bb7 8. d5 Bxd2+ 9. Nxd2 (9. Bxd2 $5 Ne7
10. Bc3 exd5 (10... Nf5 11. Nd2 $16) 11. Bxf6 gxf6 12. O-O-O dxc4 13. Qxc4 {
with a good compensation for the pawn}) 9... Ne7 10. e4 exd5 11. cxd5 O-O 12.
O-O d6 $6 {Unnecessarily weakening the 'c6' and 'c7' squares} (12... Re8 13.
Rd1 $14) 13. Nc4 Nd7 {[%cal Gf7f5] intending to target white's center with the
aid of f7-f5. However, such moves can often compromise one's own king.} 14. Be3
a5 15. Rfd1 Ng6 16. Rac1 $2 {Underestimating black's counterplay against the
'd5' pawn} (16. Qc2 $142 {would have been more unpleasant for black, which
would mean more preparation for f5.} Ne7 (16... f5 17. exf5 Ne7 18. Bg5 $16)
17. f4 f5 $140 18. e5 $16) 16... f5 17. exf5 Rxf5 18. Bh3 $6 {The bishop is
heading to a wrong spot. On e6 it can be easily exchanged.} (18. Qc2 $142 Rf7
19. Be4 Ngf8 20. Re1 Nf6 21. Bg5 h6 22. Bxf6 Qxf6 23. Ne3 $14 {white has a
small plus due to space advantage, and slightly better pieces.}) 18... Rf8 19.
Be6+ Kh8 20. f4 Ne7 $1 {[%csl Rd5][%cal Gd7f6]} 21. Bf2 {[%cal Gc4e3]} Nf6 22.
Ne3 Ne4 (22... Bc8 23. Bxc8 Rxc8 24. Qd3 $11) 23. Ng4 Bc8 24. Qc2 Nc5 25. Bxc5
{Creating a symbolic weakness on a5.} (25. Bxc8 Rxc8 $11) 25... bxc5 26. Ne3 {
[%cal Ge3c4]} Nc6 $1 {[%cal Gc6d4] forcing the N's exhange, since white cannot
tolerate black N on d4.} 27. Qe4 Nd4 28. Nc2 Nxc2 29. Rxc2 Qf6 30. Re2 Ba6 31.
Rf2 Rab8 32. Rdd2 Rb4 {The position is balanced, and I believe that the draw
offer came after the Q retreat (of course, Qd3 isn't very likely to be the
move actually played. My guess: 33.Qe3:)} 33. Qd3 $6 1/2-1/2

[Event "Corus"]
[Site "Wijk aan Zee"]
[Date "2004.01.18"]
[Round "7"]
[White "Van Wely, Loek"]
[Black "Leko, Peter"]
[Result "1/2-1/2"]
[WhiteElo "2617"]
[BlackElo "2722"]
[Annotator "Gershon,A"]
[PlyCount "55"]
[EventDate "2004.01.10"]
[EventType "tourn"]
[EventRounds "13"]
[EventCountry "NED"]
[EventCategory "19"]
[SourceTitle "CBM 099"]
[Source "ChessBase"]
[SourceDate "2004.03.30"]
[SourceVersion "1"]
[SourceVersionDate "2004.03.30"]
[SourceQuality "1"]

1. d4 Nf6 2. c4 e6 3. Nf3 b6 4. g3 Ba6 5. Qa4 Bb7 6. Bg2 c5 7. dxc5 Bxc5 8. O-O
Be7 9. Nc3 O-O 10. Bf4 Na6 11. Rfd1 Nc5 12. Qc2 Qc8 13. Rd4 d5 14. cxd5 Nxd5 ({
Previously Peter tried} 14... exd5 15. Rdd1 Nce4 16. Rac1 Bc5 17. e3 Nxc3 18.
Qxc3 Ne4 19. Qd3 Qe6 20. Be5 Rac8 21. Bd4 Be7 22. Qf1 Rxc1 23. Rxc1 Rc8 24. Qd1
Bd6 25. Bf1 Qf5 26. Kg2 Rxc1 27. Qxc1 f6 28. Bd3 Kf7 29. Qc2 g5 $1 $11 {
1/2-1/2 Gelfand,B-Leko,P/Cannes FRA 2002/The Week in Chess 381 (33). (32)}) 15.
Nxd5 Bxd5 16. Rad1 $146 {Not forcing anything concrete, which practice proved
to be good for black. However, black is too solid in the center, for white to
hope for an advantage.} (16. Ng5 Bxg5 17. Bxg5 (17. Bxd5 exd5 18. Bxg5 Ne4 19.
Qxc8 Raxc8 20. Be3 (20. Rxd5 Nxg5 21. Rxg5 Rc2 $15) 20... Rc2 21. f3 Rxe2 22.
fxe4 Rxe3 23. exd5 Re2 24. d6 Rd8 $11) 17... Bxg2 18. Kxg2 Qb7+ 19. Kg1 e5 $11
{1/2-1/2 Kuzmin,A-Ravi,T/Calcutta 2002/CBM 88/[Gershon] (40). (40)}) ({of
course not} 16. e4 $4 {which is losing a pawn:} Nxe4 {[%csl Rc2][%cal Gc8c2]})
16... Ne4 $1 {the most accurate way} 17. Qd3 (17. Qxc8 Raxc8 18. Ne5 (18. Nd2
Nf6 $11) 18... f5 $11) 17... Qb7 18. Nd2 (18. Ne5 Nxf2 $1 (18... Rad8 $5) 19.
Bxd5 (19. Kxf2 Bxg2 20. Rd7 Bc5+ 21. e3 Qe4 22. Qxe4 Bxe4 23. b4 $140 f6 $1 $17
) 19... Nh3+ 20. Kg2 Nxf4+ 21. gxf4 exd5 22. Rxd5 Bd6 $11) 18... Nf6 19. e4 Bc6
20. Bd6 (20. Nc4 Bc5 21. Nd6 Qd7 (21... Qe7 22. Rc4 {[%csl Rc5,Rc6]} e5 23. Be3
Bxe3 24. Qxe3 $14) 22. Rc4 Rfd8 $11) 20... Bxd6 21. Rxd6 Rac8 {[%cal Ge6e5]} (
21... e5 22. Qc3 {[%csl Rc6,Re5]} Bxe4 23. Nxe4 Nxe4 24. Qxe5 $16) 22. e5 Bxg2
23. exf6 Bd5 {[%csl Rd6]} (23... gxf6 $2 24. Rd7 Qa8 25. f3 Bh3 26. Ne4 {
with a very strong compensation for the pawn}) 24. Qd4 {Forces a draw} (24.
fxg7 Kxg7 25. Qd4+ f6 $11 {[%cal Gb7e7] the weakened position of black K is
compensated by the strong B on d5.}) 24... gxf6 25. Qxf6 Qc7 26. Qg5+ Kh8 27.
Qf6+ Kg8 28. Rxd5 {Instead of giving a boring perpetual, Loek decided to do it
in style :-)} 1/2-1/2

[Event "Solin 11th"]
[Site "Solin/Spilt"]
[Date "2003.12.19"]
[Round "7"]
[White "Shariyazdanov, Andrey"]
[Black "Cvitan, Ognjen"]
[Result "1-0"]
[WhiteElo "2580"]
[BlackElo "2516"]
[Annotator "Gershon,A"]
[PlyCount "99"]
[EventDate "2003.12.12"]
[EventType "tourn"]
[EventRounds "9"]
[EventCountry "CRO"]
[EventCategory "9"]
[SourceTitle "CBM 099"]
[Source "ChessBase"]
[SourceDate "2004.03.30"]
[SourceVersion "1"]
[SourceVersionDate "2004.03.30"]
[SourceQuality "1"]

1. d4 Nf6 2. c4 e6 3. Nf3 b6 4. g3 Ba6 5. b3 Bb4+ 6. Bd2 Be7 7. Bg2 c6 8. Bc3
d5 9. Nbd2 Nbd7 10. O-O O-O 11. Re1 c5 12. e4 dxc4 (12... dxe4 13. Nxe4 Nxe4 (
13... Bb7 14. Nfg5 cxd4 15. Bxd4 Qc7 $14) 14. Rxe4 Bb7 15. Re3 Bf6 $14 {
Is the more popular way to handle this line nowadays}) 13. Nxc4 Bb7 14. e5 Nd5
15. Bd2 Rc8 16. a4 (16. Qe2 $143 {Lautier} b5 17. Na5 (17. Nd6 $6 Bxd6 18. exd6
c4 $36) (17. Ba5 N7b6 $10) 17... Ba8 18. Qxb5 (18. dxc5 Rxc5 $1 $10) 18... cxd4
19. Nxd4 (19. Rac1 Nc3 $10) 19... Rc5 20. Qa6 (20. Nb7 $4 Rxb5 21. Nxd8 Rb6 $19
) 20... Nc7 21. Qe2 (21. Qxa7 $2 Bxg2 22. Kxg2 Nxe5 {/\ Qd5} 23. Rxe5 Rxe5 (
23... Qxd4 $2 24. Nc6 $1 $18) 24. Nac6 Bc5 $1 $17) (21. Qf1 Bxg2 (21... Nxe5 $6
22. Bxa8 Qxa8 23. Bb4) 22. Qxg2 Nxe5 23. Nac6 (23. Rxe5 $2 Qxd4 24. Rxc5 Qxa1+
25. Rc1 Qxa2 $17) (23. Nb7 Qxd4 24. Be3 (24. Nxc5 $2 Bxc5 25. Be3 Qd6 26. Bxc5
Qxc5 27. Rac1 Qd6 28. Rcd1 Nd5 $17) 24... Qd5 $1 25. Bxc5 Nf3+ 26. Kh1 Bxc5 27.
Nxc5 Nxe1 28. Qxd5 Nxd5 29. Rxe1 Rc8 30. Nd3 $10) 23... Nxc6 24. Nxc6 Qxd2 25.
Nxe7+ Kh8 $10) 21... Bxg2 $11 {Kasparov,G (2785)-Lautier,J (2620) Yerevan ol 
(Men) 1996 (3) 1/2}) 16... a6 17. Qe2 Rc7 (17... Ba8 18. Rac1 cxd4 19. Nxd4 Nc5
20. Red1 Qd7 21. h4 h6 22. Qg4 Kh7 23. Qh5 $14 {1-0 Kasparov,G-Zarnicki,P/
Buenos Aires 1997/EXT 98 (38)}) (17... b5 18. Ba5 {The point is that comparing
to the line with 16.Qe2 black doesn't have Nb6 now.} N7b6 19. axb5 axb5 20.
Nxb6 Nxb6 21. Qxb5 $18) 18. Rac1 h6 19. Red1 Qb8 $1 {X-raying on the 'e5' pawn,
which might become weak after the inevitable exchange of 'd4 and 'c5' pawns.}
20. dxc5 Nxc5 $6 (20... Bxc5 $142 {not letting the N to d4}) 21. Nd4 Kh7 $6 (
21... Nd7 22. Qg4 (22. a5 b5 23. Nd6 Rxc1 24. Rxc1 Bxd6 25. exd6 Qxd6 $17)
22... Nxe5 $1 (22... Kh7 23. Qh5) 23. Nxe5 Rxc1 24. Bxc1 Qxe5 25. Bxh6 Rd8 {
and black is ok}) 22. a5 $1 b5 23. Nd6 Bxd6 24. exd6 Rcc8 25. b4 Nd7 26. Be4+ (
26. Rxc8 Rxc8 27. Nxb5 {is immediately suggested by fritz, however, after the
initial horror and panic, black seems to be fine:} axb5 28. Qxb5 Bc6 (28... Rd8
29. a6 Ba8 30. Qxb8 Nxb8 31. b5 {with compensation, which, IMHO is only
sufficient for a draw.}) 29. Qxb8 Rxb8 30. Rc1 Bb5 $15) 26... Kg8 27. Bxh6 $1 {
A thematical sacrifice, which demanded, however, a very deep calculation} Rxc1
(27... gxh6 28. Qg4+ Kh8 29. Qh5 N5f6 (29... N7f6 30. Qxh6+ Kg8 31. Qg5+ Kh8
32. Bxd5 Nxd5 33. Nc6 Rxc6 34. Rxc6 Bxc6 35. Rd4 $18) 30. Qxh6+ Kg8 31. Nc6
Bxc6 32. Bxc6 {[%cal Gd1d4,Gd4h4,Yh6g5]} Qa7 (32... Rfd8 33. Rd4 Nf8 34. Qxf6
Rxd6 35. Rg4+ Ng6 36. Rc5 $1 Rdxc6 37. Rh5 Rc1+ 38. Kg2 Qb7+ 39. Kh3 $18) 33.
Qg5+ Kh7 34. Bxd7 Nxd7 35. Rc7 $1 Rxc7 36. dxc7 Qxc7 37. Rd4 $18) 28. Rxc1 Rc8
(28... gxh6 29. Qg4+ Kh8 30. Qh5 N5f6 (30... Kg7 31. Nxe6+ fxe6 32. Qg6+ Kh8
33. Qh7#) (30... Kg8 31. Qxh6 N5f6 {leads to 30...N5f6}) (30... N7f6 31. Qxh6+
Kg8 32. Rc7 $1 {[%cal Gd4e6]} Nxc7 33. Qg5+ Kh8 34. Qxf6+ Kg8 35. Qg5+ Kh8 36.
Qh6+ Kg8 37. Qh7#) 31. Qxh6+ Kg8 32. Bxb7 Qxb7 33. Nc6 $1 Nd5 34. Qg5+ Kh8 35.
Ne7 N7f6 $8 (35... Nxe7 36. Qxe7 $18) 36. Rc7 $3 Nxc7 37. Qxf6+ Kh7 38. Qh4+
Kg7 39. Qd4+ Kh7 (39... f6 40. Qg4+ Kh8 41. Qh5+ Kg7 42. Qg6+ Kh8 43. Qh6#) 40.
Qd3+ f5 (40... Kg7 41. Qc3+ f6 42. dxc7 $18) 41. Qd1 {[%cal Gd1h5,Gh5g6]} ({or
} 41. Qd4 {[%cal Gd4h4]} Qe4 42. Qxe4 fxe4 43. dxc7 $18) 41... Kg7 42. Qh5 $18)
29. Rxc8+ Qxc8 30. Bd2 (30. Qg4 Qf8) 30... Qb8 31. Bxd5 Bxd5 32. Bf4 {The
opposite colored BB give black some survival chances} Qc8 33. Qc2 Bc4 (33...
Qxc2 34. Nxc2 e5 35. Be3 f6 36. Bc5 Kf7 37. f4 $16 (37. Ne3 Bf3)) 34. Nf3 $1
Qc6 35. Nd2 Bd5 $6 (35... e5 $142 36. Bg5 f6 37. Be3 Kf7 38. f4 exf4 39. Bxf4
Qd5) 36. Qxc6 Bxc6 37. Be3 e5 38. f4 $1 exf4 $6 {Giving up 'd4' and with it
the whole Qside} ({if black tries to keep the control over 'd4' square} 38...
f6 {white will decide the matters on the Kside} 39. f5 {[%cal Gg3g4,Gh2h4,
Gg4g5] Nevertheless, it seems to me that black has more chances here.}) 39.
Bxf4 Bd5 40. Kf2 {[%cal Gf2d4,Yd2e4,Ye4c5,Yd2b3,Yb3c5]} f6 41. Ke3 Kf7 42. Kd4
Ke6 43. g4 g5 44. Bg3 Ne5 (44... Bg2 45. Nb3 Bf3 46. Nc5+ Nxc5 47. Kxc5 Bxg4
48. Kb6 Kd7 (48... f5 49. Kxa6 f4 50. Bf2 Kxd6 51. Kxb5 $18) 49. Kxa6 Kc6 50.
Ka7 Bc8 51. h4 gxh4 52. Bxh4 Kxd6 53. Bxf6 Kc6 54. a6 Kc7 55. Be5+ Kc6 56. Bh2
$18) (44... Nf8 45. Ne4 Bxe4 46. Kxe4 Nd7 (46... Kd7 47. Kf5 $18) 47. Kd4 $22
$18 {[%cal Gd4d5,Gd4c5]}) 45. Bxe5 fxe5+ 46. Kc5 Bg2 (46... e4 47. Nf1 {
[%cal Gf1e3,Ge3f5]}) 47. Nf1 $1 Kd7 (47... Bxf1 48. Kc6 $18) 48. Ne3 Bf3 49.
Nd5 Kd8 50. Nc7 (50. Nc7 Bxg4 51. Nxa6 e4 52. Kd4 Kd7 53. Nc5+ Kxd6 54. a6 $18)
1-0

[Event "Corus"]
[Site "Wijk aan Zee"]
[Date "2004.01.19"]
[Round "8"]
[White "Timman, Jan H"]
[Black "Zhang, Zhong"]
[Result "0-1"]
[WhiteElo "2578"]
[BlackElo "2639"]
[Annotator "Gershon,A"]
[PlyCount "80"]
[EventDate "2004.01.10"]
[EventType "tourn"]
[EventRounds "13"]
[EventCountry "NED"]
[EventCategory "19"]
[SourceTitle "CBM 099"]
[Source "ChessBase"]
[SourceDate "2004.03.30"]
[SourceVersion "1"]
[SourceVersionDate "2004.03.30"]
[SourceQuality "1"]

1. d4 Nf6 2. Nf3 e6 3. c4 b6 4. g3 Ba6 5. Nbd2 Bb4 6. Qc2 Bb7 7. Bg2 Be4 8. Qb3
Bxd2+ 9. Bxd2 O-O 10. O-O d6 11. Rfd1 Nbd7 12. Rac1 a5 13. Qe3 Re8 14. Bc3 Qe7
(14... d5 15. Ne5 Bxg2 16. Kxg2 Qc8 17. Qf3 {1/2-1/2 Lalic,B-Adams,M/London
2000/CBM 76 (17).}) 15. Bh3 Bb7 16. Nh4 (16. Ne1 Ne4 17. Bg2 Nxc3 18. Qxc3 Bxg2
19. Nxg2 e5 $11) (16. Nd2 e5) 16... Qf8 17. f3 c5 $1 {A strong positional pawn
sacrifice. Giving up the 'a' pawn, black gets a long term initiative} (17... e5
$143 18. d5 $14) 18. dxc5 $2 (18. Qd2 $142 cxd4 (18... Rad8 19. e4) 19. Qxd4 d5
20. cxd5 Nxd5 $11) 18... bxc5 19. Qd2 d5 (19... Ra6 20. e4 $14) 20. Bxa5 $6 ({
The lesser evil was} 20. cxd5 exd5 21. Bxd7 Nxd7 22. Bxa5 (22. e4 d4 23. Bxa5
f5 $1 24. Nxf5 $140 Ne5 $17) 22... Ne5 23. b3 Qe7 $44) 20... d4 $1 {[%csl Ra5,
Rh3,Rh4] All of white pieces are badly placed, whereas the extra pawn is not
felt at all} 21. b4 (21. Ng2 h6 22. Ne1 g5 23. Bg2 Qg7 24. h3 (24. Nd3 g4 {
is similar to the game}) (24. g4 h5 25. h3 hxg4 26. hxg4 e5 27. b4 e4 $36))
21... h6 22. a3 g5 23. Ng2 Qg7 24. Ne1 (24. bxc5 Nxc5 25. Rb1 g4 26. Bxg4 Nxg4
27. fxg4 ({Fritz comes up with} 27. Bb6 $5 {and seems to be happy after} Ne4 (
27... Ne3 28. Nxe3 (28. Qxd4 Nxd1 29. Qxg7+ Kxg7 30. Bxc5 Ba6 31. Rxd1 Bxc4 $11
) 28... dxe3 29. Qd4 Qxd4 (29... Na6 30. Qxg7+ Kxg7 31. Bxe3 Bc6) 30. Rxd4 Na4)
28. Qxd4 e5 29. Qd7 Nc3 30. Qxb7 Nf6 31. Bc5 Nxe2+ 32. Kh1 Nc3 {But I would
take black here}) 27... e5 {with an extremely strong compensation}) 24... g4
25. Bg2 e5 26. fxg4 $6 {Compromising own king} (26. Rb1 $142 Bc6 (26... e4 27.
bxc5 gxf3 28. exf3 e3 29. Qxd4 e2 30. Rd2 Rxa5 31. Rxb7 Nxc5 32. Rbb2 $18) 27.
b5 (27. e3 $2 gxf3 28. Nxf3 Ne4 29. Qe1 Nc3 30. Nxd4 $1 exd4 31. Bxc6 Rxe3 32.
Bxa8 Rxe1+ 33. Rxe1 Nxb1 $19) 27... Bb7 28. Rb3 {[%cal Gb3a3,Gb3f3]} e4 29. Bc7
{[%cal Yd7e5,Gc7e5]} gxf3 30. exf3 e3 $15) 26... Bxg2 27. Nxg2 Nxg4 {[%cal
Ge5e3]} (27... Ne4 $143 28. Qd3 Qxg4 $15) 28. Rf1 (28. e3 $5 Ndf6 29. exd4 Ne4
30. Qc2 exd4 {[%cal Ge4f2,Gf2h3]} 31. Rf1 $8 Nc3 32. Rce1 Ne5 (32... Rxe1 33.
Rxe1 Ne5 34. Qf5 $1 Nxc4 35. Qxc5 Nxa3 36. Qc6 $11) 33. Bc7 d3 34. Qd2 (34.
Bxe5 dxc2 35. Bxg7 Kxg7 $19) 34... Ne2+ 35. Kh1 Rxa3 $17) 28... e4 29. Qf4 (29.
e3 Nde5 $19) 29... e3 {white forces are cut in two now.} 30. Qf5 Ndf6 31. Nf4 (
31. Qxc5 $5 Ne4 32. Qf5 Ngf2 {[%cal Ge6f6,Ye8e5,Ge8e6]} (32... Re5 33. Qf3 (33.
Qf4 Nef2 34. Qf3 Nh3+ 35. Kh1 Ngf2+ 36. Rxf2 Nxf2+ 37. Kg1 Raxa5 38. bxa5 Rxa5
$11)) 33. Nh4 Re5 34. Qf3 Rae8 $17 {[%cal Ge4g5,Gg5h3]}) 31... Re5 32. Qc2 Ne4
$17 {[%csl Rg1]} 33. Bc7 Ree8 {[%cal Gg4h2]} 34. Nd5 (34. Nd3 $142 {[%cal
Gd3f2]} Rxa3 (34... h5 $143 $2 35. Rf5 h4 36. Nxc5 Ngf2 37. Nxe4 Nxe4 38. Kg2
hxg3 39. Bxg3 Rxa3 40. Rcf1 $132) 35. Nxc5 Nxc5 36. bxc5 d3 37. Qb1 (37. exd3
e2 $19 {[%cal Gg7d4]}) 37... d2 $19) 34... Ngf2 35. b5 h5 {Black is attacking
the K will virtually the whole army, while only white B is trying to protect
the monarch.} 36. a4 (36. b6 h4 37. b7 hxg3 38. h4 (38. h3 g2 $19 {[%cal Gf2h3]
}) 38... Qg4 39. bxa8=Q Rxa8 $19) 36... h4 37. Kg2 Re6 {Bringing in the final
resource. White is helpless} (37... Qg4 38. Rxf2 exf2 {is also winning, but
less precise}) 38. Rg1 (38. b6 hxg3 39. hxg3 (39. h3 Qh6 40. Rxf2 (40. Nf4 Rxb6
41. Bxb6 Qxf4 $19) 40... gxf2 (40... Nxf2 $4 41. Qf5 $16) 41. b7 Rae8 42. b8=Q
Rxb8 43. Bxb8 Rg6+ $19) 39... Qh8 (39... Re5 $2 40. Bxe5 Qxe5 41. Rg1 Qxg3+ 42.
Kf1 Nd2+ 43. Qxd2 Qxg1+ 44. Kxg1 exd2 45. Rb1 d1=Q+ 46. Rxd1 Nxd1 47. a5 $1 $18
) 40. Rh1 Rh6 41. b7 Re8 42. b8=Q Rxb8 43. Rxh6 Qxh6 44. Bxb8 Qh3+ 45. Kf3 Ng5+
46. Kf4 Qg4+ 47. Ke5 Qe6+ 48. Kf4 Nfh3#) 38... d3 39. exd3 h3+ 40. Kf1 Nd2+ (
40... Nd2+ 41. Ke2 Qg4+ 42. Ke1 Nf3+ $19) 0-1